00621cam a22001937a 4500003000500000005001700005008004100022010001000063011001000073035001000083040000900093100003100102245013400133260004100267300001000308502006900318650002000387650002000407CHAP20220329142124.0990818d1999 mx r 00110 spa d a78768 a79740 a90135 cCHAP00aCruz Hernández, Tolín.10aIdentificación de cultivares polinizadores para el manzano agua nueva II (Malus domestica Borkh)c/por Tolín Cruz Hernández aChapingo, Méx. :bEl autor,c1999. a65 h. aTesis (M.C. en Horticultura) -- UACH. Departamento de Fitotecnia14aManzanaxPolen.14aPolinización.